000 00307nam a22001337a 4500
008 180924b xxu||||| |||| 00| 0 eng d
020 _a9780781718622
041 _aeng
080 _a610
100 _a3
101 _aSHM
245 _aQuick Reference to Critical Care
_cDiepenbrock, N.H
942 _2udc
_cBK
999 _c48419
_d48419